Deen-o-Siasat (Harf-e-Tammana) (Record no. 321818)

000 -LEADER
fixed length control field 00300 a2200121 4500
001 - CONTROL NUMBER
control field 86745
082 ## - DEWEY DECIMAL CLASSIFICATION NUMBER
Classification number 320.011 HAQ
090 ## - LOCALLY ASSIGNED LC-TYPE CALL NUMBER (OCLC); LOCAL CALL NUMBER (RLIN)
-- 40840
-- 40840
100 ## - MAIN ENTRY--PERSONAL NAME
Personal name Irshad Ahmed Haqqani
245 ## - TITLE STATEMENT
Title Deen-o-Siasat (Harf-e-Tammana)
Medium Urdu
260 ## - PUBLICATION, DISTRIBUTION, ETC.
Place of publication, distribution, etc. Karachi
Name of publisher, distributor, etc. Ferozsons Private
Date of publication, distribution, etc. 2000
300 ## - PHYSICAL DESCRIPTION
Extent 252p.
942 ## - ADDED ENTRY ELEMENTS (KOHA)
Institution code [OBSOLETE] CAE NUST
Call number prefix 320.011 HAQ
Holdings
Withdrawn status Lost status Damaged status Not for loan Collection code Permanent Location Current Location Date acquired Total Checkouts Full call number Barcode Date last seen Price effective from Koha item type
          College of Aeronautical Engineering (CAE) College of Aeronautical Engineering (CAE) 04/03/2017   320.011 HAQ CAE85654 04/05/2017 04/05/2017 Book
© 2023 Central Library, National University of Sciences and Technology. All Rights Reserved.